Abdul Karim Sahitya-Visarad commemoration volume : (Record no. 17522)
[ view plain ]
| 000 -LEADER | |
|---|---|
| fixed length control field | 01166cam a2200301 i 4500 |
| 001 - CONTROL NUMBER | |
| control field | 3140290 |
| 003 - CONTROL NUMBER IDENTIFIER | |
| control field | BDDh-ASL |
| 005 - DATE AND TIME OF LATEST TRANSACTION | |
| control field | 20231015025546.0 |
| 008 - FIXED-LENGTH DATA ELEMENTS--GENERAL INFORMATION | |
| fixed length control field | 161212s1972 pk ad 000 0 eng | |
| 010 ## - LIBRARY OF CONGRESS CONTROL NUMBER | |
| LC control number | 72907276 |
| 040 ## - CATALOGING SOURCE | |
| Original cataloging agency | DLC |
| Transcribing agency | BDDh-ASL |
| Modifying agency | BDDh-ASL |
| 041 0# - LANGUAGE CODE | |
| Language code of text/sound track or separate title | engben |
| 043 ## - GEOGRAPHIC AREA CODE | |
| Geographic area code | a------ |
| 050 00 - LIBRARY OF CONGRESS CALL NUMBER | |
| Classification number | DS339 |
| Item number | .A2 |
| 082 00 - DEWEY DECIMAL CLASSIFICATION NUMBER | |
| Classification number | 928 |
| Item number | ABD |
| 245 00 - TITLE STATEMENT | |
| Title | Abdul Karim Sahitya-Visarad commemoration volume : |
| Remainder of title | essays on archaeology, art, history, literature, and philosophy of the Orient, dedicated to the memory of Abdul Karim Sahitya-Visarad (1869-1953) / |
| Statement of responsibility, etc. | edited by Muhammad Enamul Haq. |
| 260 ## - PUBLICATION, DISTRIBUTION, ETC. | |
| Place of publication, distribution, etc. | Dacca: |
| Name of publisher, distributor, etc. | Asiatic Society of Bangladesh, |
| Date of publication, distribution, etc. | 1972. |
| 300 ## - PHYSICAL DESCRIPTION | |
| Extent | 452 p. in various pagings, [6] leaves of plates : |
| Other physical details | ill. ; |
| Dimensions | 25 cm. |
| 440 #0 - SERIES STATEMENT/ADDED ENTRY--TITLE | |
| Title | Asiatic Society of Bangladesh publication; |
| Volume/sequential designation | no. 29 |
| 9 (RLIN) | 119 |
| 500 ## - GENERAL NOTE | |
| General note | English or Bengali. |
| 500 ## - GENERAL NOTE | |
| General note | Tk30.00 |
| 504 ## - BIBLIOGRAPHY, ETC. NOTE | |
| Bibliography, etc. note | Includes bibliographical references. |
| 600 10 - SUBJECT ADDED ENTRY--PERSONAL NAME | |
| Personal name | Karima, Ābadula, |
| Dates associated with a name | 1871-1953. |
| 9 (RLIN) | 53 |
| 651 #0 - SUBJECT ADDED ENTRY--GEOGRAPHIC NAME | |
| Geographic name | South Asia |
| General subdivision | Civilization. |
| Geographic subdivision | Bangladesh |
| 9 (RLIN) | 120 |
| 700 1# - ADDED ENTRY--PERSONAL NAME | |
| Personal name | Haq, Muhammad Enamul |
| Dates associated with a name | 1906-1982. |
| 9 (RLIN) | 91 |
| 906 ## - LOCAL DATA ELEMENT F, LDF (RLIN) | |
| a | 7 |
| b | cbc |
| c | orignew |
| d | 4 |
| e | ncip |
| f | 19 |
| g | y-gencatlg |
| 942 ## - ADDED ENTRY ELEMENTS (KOHA) | |
| Source of classification or shelving scheme | Dewey Decimal Classification |
| Koha item type | Books |
| Withdrawn status | Lost status | Source of classification or shelving scheme | Damaged status | Not for loan | Collection code | Home library | Current library | Shelving location | Date acquired | Source of acquisition | Serial Enumeration / chronology | Total Checkouts | Full call number | Barcode | Date last seen | Copy number | Price effective from | Koha item type | Public note |
|---|---|---|---|---|---|---|---|---|---|---|---|---|---|---|---|---|---|---|---|
| Dewey Decimal Classification | Not For Loan | Non-fiction | Asiatic Society Library | Asiatic Society Library | General Stacks | 12/12/2016 | ASB Publications | ASP-029 | 928 ABD | 100146 | 12/12/2016 | C-1 | 12/12/2016 | Books | RARE | ||||
| Dewey Decimal Classification | Not For Loan | Non-fiction | Asiatic Society Library | Asiatic Society Library | General Stacks | 12/12/2016 | ASB Publications | ASP-029 | 928 ABD | 100147 | 12/12/2016 | C-2 | 12/12/2016 | Books | RARE | ||||
| Dewey Decimal Classification | Not For Loan | Non-fiction | Asiatic Society Library | Asiatic Society Library | General Stacks | 12/12/2016 | ASB Publications | ASP-029 | 928 ABD | 100148 | 12/12/2016 | C-3 | 12/12/2016 | Books | RARE | ||||
| Dewey Decimal Classification | Not For Loan | Non-fiction | Asiatic Society Library | Asiatic Society Library | General Stacks | 12/12/2016 | ASB Publications | ASP-029 | 928 ABD | 100149 | 12/12/2016 | C-4 | 12/12/2016 | Books | RARE | ||||
| Dewey Decimal Classification | Not For Loan | Non-fiction | Asiatic Society Library | Asiatic Society Library | General Stacks | 12/12/2016 | ASB Publications | ASP-029 | 928 ABD | 100150 | 12/12/2016 | C-5 | 12/12/2016 | Books | RARE | ||||
| Dewey Decimal Classification | Not For Loan | Non-fiction | Asiatic Society Library | Asiatic Society Library | General Stacks | 02/14/2021 | ASB Publications | ASP-029 | 928 ABD | 105713 | 02/14/2021 | C-6 | 02/14/2021 | Books | RARE | ||||
| Dewey Decimal Classification | Not For Loan | Non-fiction | Asiatic Society Library | Asiatic Society Library | General Stacks | 02/14/2021 | ASB Publications | ASP-029 | 928 ABD | 105714 | 02/14/2021 | C-7 | 02/14/2021 | Books | RARE | ||||
| Dewey Decimal Classification | Non-fiction | Asiatic Society Library | Asiatic Society Library | General Stacks | 03/08/2021 | ASB Library Collections | ASP-029 | 928 ABD | 107252 | 03/08/2021 | C-8 | 03/08/2021 | Books | RARE | |||||
| Dewey Decimal Classification | Non-fiction | Asiatic Society Library | Asiatic Society Library | General Stacks | 03/08/2021 | ASB Library Collections | ASP-029 | 928 ABD | 107253 | 03/08/2021 | C-9 | 03/08/2021 | Books | RARE | |||||
| Dewey Decimal Classification | Non-fiction | Asiatic Society Library | Asiatic Society Library | General Stacks | 05/16/2024 | ASB Publication | ASP-029 | 928 ABD | 125447 | 05/16/2024 | C-10 | 05/16/2024 | Books | RARE |